Statistics for Capitals of the Roman Provinces on a Map

Click here to take the quiz!

General Stats

  • This quiz has been taken 666 times
  • The average score is 13 of 47

Answers on the Map

Answers color-coded by a green-red scale on the quiz's map according to % correct below.
Loading ...
GAETULIAPHAZANIAARABIAIBERIASARMATIAGERMANIAMAGNAHIBERNIACALEDONIAOCEANUSATLANTICUSMARE INTERNUMPONTUS EUXINUS
 

Answer Stats

ProvinceCapital% Correct
BritainLondinium
96%
ItalyRoma
96%
EgyptAlexandria
81%
AfricaCarthago
73%
Gallia AquitaniaBurdigala
59%
Gallia LugdunensisLugdunum
55%
SicilySyracusae
55%
MacedoniaThessalonica
55%
DalmatiaSalona
45%
AchaeaCorinthus
44%
GalatiaAncyra
43%
Sardinia and CorsicaCarales
42%
Germania InferiorColonia
42%
Mauretania TingitanaTingis
38%
Pannonia InferiorAquincum
37%
Hispania BaeticaCorduba
37%
MesopotamiaBabylon
36%
SyriaAntioch
30%
Lycia and PamphyliaAttalia
29%
Hispania TarraconensisTarraco
26%
Gallia NarbonensisNarbo
23%
Arabia PetraeaPetra
22%
Moesia InferiorTomis
22%
CappadociaCaesarea
19%
AsiaEphesus
19%
Moesia SuperiorNaissus
17%
Mauretania CaesariensisCaesarea
16%
JudeaCaesarea Marítima
16%
Germania SuperiorMogontiacum
16%
Bithynia and PontusNicomedia
15%
Bosporan KingdomPanticapaeum
14%
RaetiaAugusta Vindelicorum
13%
CyprusPaphos
13%
AssyriaCtesiphon
12%
LusitaniaEmerita Augusta
12%
CiliciaTarsus
12%
Gallia BelgicaDurocortorum
11%
Crete and CyrenaicaGortyn
6%
DaciaUlpia Traiana
6%
Pannonia SuperiorCarnuntum
5%
ArmeniaArtashat
4%
EpirusButhrotum
4%
ThraciaHeraclea Perinthus
4%
Alpes CottiaeSegusio
4%
Alpes MaritimaeCemenelum
3%
Alpes PoeninaeOctodurum
3%
NoricumVirunum
3%

Score Distribution

Percentile by Number Answered

Percent of People with Each Score

Your Score History

You have not taken this quiz